000 00578nam a2200217Ia 4500
003 0100
008 130303s9999 xx 000 0 und d
040 _cARRUPELIB
050 _aBR1446.2.M636
100 _aMijoga, Hilary B.P.
245 _aSeparate but same Gospel
245 _bPreaching in African Instituted Churches in Southern Malawi
260 _aBlantrye
260 _bChristian Literature Association in Malawi
260 _C2000
300 _a208p.
300 _b 22cm
440 _aA Kachere Study
650 _bPhilosophy, Buddhist
942 _2lcc
_02
999 _c61489
_d61489